01778agaaa2200313 45000010005000000030009000050050017000140070009000310080040000400400023000800410013001031000055001161300054001712450186002252500022004112600126004333000033005595080083005925200208006755380016008835460013008996500082009127000063009947000067010577000069011249420012011939990019012059520240012245155IT-RoPAU20220918181229.0d cvaizq50131s9999||||xx ||| | || ||und|| aIT-RoPAUcIT-RoPAU aITALIANO aZardetto MaurogCodice regista SPICS: 29723939789 aSIAMO COME L'ERBA CHE GERMOGLIA AL MATTINO939790 aSIAMO COME L'ERBA CHE GERMOGLIA AL MATTINOcProdotto da: Zardetto Mauro Diretto da: Zardetto MauropSIAMO COME L'ERBA CHE GERMOGLIA AL MATTINO (Rif. Codice opera principale : 85155) aEdizione Standard aROMA (ITALIA)bSAMPAOLO FILM AUDIOVISIVI / Distribuzione: MASTER VIDEOg"1989? (1° ed.: 1989 ; Ed. Lingua Orig.: 1989?)" aVHSbsonoro, col.c30 minuti a"Fotografia: Lotti G.; Montaggio: Zampierin Michele; Musica: Debussy Claude; " aVIAGGIO ALL'INTERNO DI MONASTERI SACRALITA' DELL'UOMO ALL'INTERNO DEL MONASTERO QUESTO DOCUMENTARIO E' RIVOLTO SOPRATTUTTO AI GIOVANI ALLA RICERCA DEI PERCHE' E DEL CHE COSA CERCARE MESSAGGIO DI SPERANZA aPAL, STEREO aITALIANO aDOCUMENTARIOeTV-PROGRAMMI RELIGIOSI [VHS]xCodice MATERIA SPICS: 9963936814 aDebussy Claudee(musica)gCodice Musica SPICS: 7486939791 aZardetto Mauro e(regista)gCodice regista SPICS: 29723939792 aZardetto Mauro e(soggetto)gCodice Soggetto SPICS: 29723939793 cVH2ddc c105156d105156 001040685155_00000000000000071aSPICSbSPICSd2015-01-31l0o85155r2015-01-31 00:00:00w2015-01-31yVHzProgr. Ins.: 2678 / N.Vol.:1 / Copie: 1 / Pag.:0 / Copia rara: n.d. / date import: 1.2.2015 / By Epidotti, Trombetti, Vaglietti